00315nam a2200109 a 4500008004100000050001500041100001900056245006700075246004500142260000900187350000900196120416s1988 xx |||||||||||||| || u aTE 228 Int aBrilon, Wermer10aIntersections without traffic signalscedited by Wermer Brilon aproceedings of an international workshop c1988 a0.00